000 00612cam a22002171 4500
001 sa 63004074
003 DLC
005 20260227111946.0
008 910114s1963 ii 000 0 eng
010 _asa 63004074
035 _a(OCoLC)24076763
040 _aDLC
_cNAlU
_dDLC
042 _apremarc
050 0 0 _aHB171.5
_b.M24
100 1 _aMaan, Gurmukh Ram.
245 1 4 _aThe history & development of economic thought;
_ban introductory analysis
260 _aDelhi,
_bS. Chand,
_c1963.
300 _aiii, ii, 311 p.
_c23 cm.
650 0 _aEconomics
_xHistory.
700 1 _aDhooria, H. S.,
_ejoint author.
999 _c55457
_d55457